| 000 | 00779nam a2200265Ia 4500 | ||
|---|---|---|---|
| 001 | 29726 | ||
| 005 | 20240114001145.0 | ||
| 007 | ta | ||
| 008 | 060704s1922 g b000 u 465 u | ||
| 040 | _aCotton College,Assam | ||
| 041 | _a465 | ||
| 082 |
_a292 _bH 155 L |
||
| 100 | _aHalliday, William Reginald . | ||
| 245 | 0 |
_aLectures on the History of Roman Religion: From Numa to Augustus / _cWilliam Reginald Halliday. _hTextual Documents |
|
| 250 | _a1st ed. / | ||
| 260 |
_aLondon : _bThe United Press of Liverpool Ltd. , _c1922. |
||
| 300 |
_a182p. ; _c22cm. |
||
| 653 | _aHistory-Roman Religion | ||
| 653 | _aRoman Religion-History | ||
| 653 | _aReligion-History | ||
| 653 | _aG-Religion | ||
| 942 |
_2ddc _cBK |
||
| 999 |
_c29708 _d29708 |
||